日本艦を覚えよう(空母全般) - Statistics

General Stats
  • This quiz has been taken 4 times
  • The average score is 12 of 25
Answer Stats
Hint Answer % Correct
龍驤型 龍驤
100%
赤城型 赤城
100%
加賀型 加賀
100%
蒼龍型 蒼龍
100%
飛龍型 飛龍
100%
瑞鶴
100%
大鳳型 大鳳
100%
信濃型 信濃
100%
鳳翔型 鳳翔
67%
翔鶴型 翔鶴
67%
雲龍型 雲龍
67%
天城
67%
瑞鳳型 瑞鳳
67%
葛城
33%
祥鳳
33%
隼鷹型 隼鷹
33%
龍鳳
0%
千歳
0%
千代田
0%
大鷹型 大鷹
0%
雲鷹
0%
沖鷹
0%
海鷹
0%
神鷹
0%
飛鷹
0%
No matching quizzes found
Score Distribution
Percent of People with Each Score
Percentile by Number Answered
Your Score History
You have not taken this quiz